MDQL
is popping MORE tags! Check the
thread
!
Quizzes
Events
Quiz Creation
Community
Videos
Private Events
Remove Ads
Sign In
Join for FREE
Feedback
Dark Mode
Quiz Categories
Sports
Geography
Music
Movies
Television
Just For Fun
Miscellaneous
History
Literature
Language
Science
Gaming
Entertainment
Religion
Holiday
For Kids
Quiz Lab
Recent
Popular Today
Quiz Kudos Today
Editor Picks
Curator Picks
Quizzes by...
Day
Popularity
Type
Ratings
Length
Year
Community
Subscriptions
Recent Discussions
Orange Saloon
Badges
Playlists
Quests
Create
Leaderboards
Showdown
Live 5
Trivia Bingo
Activity
Puzzle Library
Sporcle Events
Private Events
Virtual Trivia
Globe League
Become a Host
Pub Owners
SporcleCon
Opinionation
Our Games
Videos
Blog
Mobile Apps
Partnerships
Remove Ads and Go Orange
Feedback
Television
TV Characters
TV Show
Sitcom
Network
Friends
Reality Shows
Cast
South Park
Star Trek
The Simpsons
Doctor Who
Television
TV Characters
TV Show
Sitcom
Network
Friends
Reality Shows
Cast
South Park
Star Trek
The Simpsons
Doctor Who
Random Quiz
Search Sporcle
×
Quiz Lab
Quiz Lab
Television
My Little Pony
Select answers by clicking on text or image buttons
Select answers by clicking on text or image buttons
Clickable
Best Score? Go Orange.
MLP:FIM Episode by Italian Title (Season 2) Stats
Can you name the MLP:FIM Episode by Italian Title (Season 2)?
By
CraigTheBrony
10m
23 Questions
51 Plays
51 Plays
51 Plays
Comments
Comments
Give Quiz Kudos
Give Quiz Kudos
-
- Ratings
hide this ad
More Info
Forced Order
Answers have to be entered in order
Answers have to be entered in order
Replay
Link that replays current quiz
Next Quiz
Link to next quiz in quiz playlist
You Got
0%
They Got
Avg Score
89%
Avg Friend Score
Upgrade to see
Score Distribution
Jump to the score distribution portion of the page
Score
0/23
Timer
10:00
0
Plays Today
% Correct
Hurricane Fluttershy
98%
May the Best Pet Win!
96.1%
Baby Cakes
96.1%
Dragon Quest
94.1%
The Return of Harmony
92.2%
Luna Eclipsed
92.2%
Sisterhooves Social
92.2%
The Cutie Pox
92.2%
Sweet and Elite
92.2%
Hearts and Hooves Day
92.2%
MMMystery on the Friendship Express
92.2%
Lesson Zero
90.2%
% Correct
The Mysterious Mare Do Well
90.2%
Family Appreciation Day
90.2%
A Canterlot Wedding
90.2%
It's About Time
88.2%
The Last Roundup
86.3%
A Friend in Deed
86.3%
Ponyville Confidential
86.3%
Read It and Weep
84.3%
Putting Your Hoof Down
84.3%
Hearth's Warming Eve
82.4%
Secret of My Excess
74.5%
Quiz Playlist
Details
Report
Send in Message
Add To Playlist
More Info:
Because cider is usually an alcoholic drink in Europe, Italy has never broadcast "The Super Speedy Cider Squeezy 6000".
Clickable:
Select answers by clicking on text or image buttons
Forced Order:
Answers have to be entered in order
Quiz Source
Last Updated: Feb 16, 2017
Quiz Scoreboard
CHALLENGE
Sign Up to Join the Scoreboard
Show All
Scores
Hide
Comments
May contain spoilers
Recently Published
1-10 Letter E Words III
by El_Dandy
Language
2m
Street Fighter Characters
by Artimus82
Gaming
60s
College Basketball Coaching Resumes
by pancakes188
Sports
9m
More to Explore
Quiz From the Vault
Featured Blog Post
Where Did the Easter Bunny Come From?
hide this ad
You Might Also Like...
Tags
My Little Pony
Pony
Today's Top Quizzes in Television
Browse Television
hide this ad
Today's Top Quizzes in My Little Pony
Browse My Little Pony
Top Contributed Quizzes in Television
1
Survivor Journey Challenge
2
Adjectives in 80s TV Shows
3
Adjectives in 00s TV Shows
4
5-to-1: The Simpsons Families
5
5-to-1: Television Doctors
6
Adjectives in 10s TV Shows
7
7-to-1: TV Show Settings
8
Adjectives in 70s TV Shows
9
5-to-1: Streaming Originals
10
Survivor Seasons
Explore More
Trending Topics
NBA
Harry Potter
Crossword
Kpop
Anime
Marvel
Disney
The Office
Soccer
Country
Puzzle
NFL
Pokémon
Song
WWE
hide this ad
More By:
CraigTheBrony
Quiz
Plays
Rating
Category
Featured
Created
MLP:FiM Character Slideshow
1,824
4.67
Television
Nov 18, 2014
My Little Pony Characters With Most Lines in Season 1
1,465
4.33
Television
Mar 2, 2014
My Little Pony Character By First Line
1,360
4.33
Television
Jan 30, 2014
Profile: Twilight Sparkle
1,172
5.00
Television
Jan 28, 2015
Characters With the Most Lines in Equestria Girls
1,001
4.67
Movies
Nov 13, 2014
Go to Creator's Profile
Score Distribution
Quiz Creator Spotlight
CraigTheBrony
Follow
Send a Message
Quizzes Created
-
Created Quiz Play Count
-
More By This Creator
Popular Quizzes Today
1
Find the US States - No Outlines Minefield
2
Find the Countries of Europe - No Outlines Minefield
3
The Countries of the World
4
Find the US States
5
Risky Map Clicking: Biggest States A-Z
6
US States
7
Popular People in 1961
8
Movies - When Are They Set?
More Television Quizzes
TV Show Scene Picture Match
Published
Trending Quizzes
Risky Map Clicking: Least Populous States A-Z
1-10 Letter G Words
1-10 Letter F Words
Countries of the World: 200 Million BC
Risky Map Clicking: Next State Alphabetically
Recently Updated
Beyoncé Albums
pecheneg
Leaping Animals
pecheneg
Reality TV Shows (A-Z)
bhenderson79
Rickey Henderson's Hall of Fame Teammates
pecheneg
Champions League XIs: Arsenal
pecheneg
Quick Pick: Celebrities in WWE's Hall of Fame
aduchscher
A-Z Keypad Blitz II
pecheneg
Multiple Oscar Actors
pecheneg
Mystery Phrase Blitz: Oscar 'Best Actors'
pecheneg
F. Scott Fitzgerald Novels
LTH
Trending Topics
Crossword
Kpop
Marvel
NBA
Disney
Harry Potter
Anime
Soccer
Puzzle
The Office
WWE
NFL
Pokémon
Song
Country
Your Account Isn't Verified!
In order to create a playlist on Sporcle, you need to verify the email address you used during registration. Go to your
Sporcle Settings
to finish the process.
Report this User
Report this user for behavior that violates our
Community Guidelines
.
Details:
Send Report
Go to the Sporcle.com Mobile Site →
Comments